Online
Catalog

Abril del 65 : (Record no. 33865)

MARC details
000 -CABECERA
campo de control de longitud fija 02129nam a2200289 a 4500
001 - NÚMERO DE CONTROL
campo de control 000034374
003 - IDENTIFICADOR DEL NÚMERO DE CONTROL
campo de control DO-SdBNP
005 - FECHA Y HORA DE LA ÚLTIMA TRANSACCIÓN
campo de control 20240422101052.0
008 - DATOS DE LONGITUD FIJA--INFORMACIÓN GENERAL
campo de control de longitud fija 090930s2011 dr r 001 p spa d
020 ## - NÚMERO INTERNACIONAL ESTÁNDAR DEL LIBRO
Número Internacional Estándar del Libro 9789945004359
040 ## - FUENTE DE LA CATALOGACIÓN
Centro catalogador/agencia de origen DO-SdBNP
Lengua de catalogación spa
Centro/agencia transcriptor BNPHU
082 #4 - NÚMERO DE LA CLASIFICACIÓN DECIMAL DEWEY
Número de clasificación RD861.44
Número de documento/Ítem A163s, 2011
Número de edición 22
245 00 - MENCIÓN DE TÍTULO
Título Abril del 65 :
Resto del título visión poética /
Mención de responsabilidad, etc. selección y prólogo Mateo Morrison ; presentación Simón Lizardo.
250 ## - MENCIÓN DE EDICIÓN
Mención de edición 2a. ed.
260 ## - PUBLICACIÓN, DISTRIBUCIÓN, ETC.
Lugar de publicación, distribución, etc. Santo Domingo :
Nombre del editor, distribuidor, etc. Comisión Permanente de Efemérides Patrias,
Fecha de publicación, distribución, etc. 2011.
300 ## - DESCRIPCIÓN FÍSICA
Extensión 206 p. ;
Dimensiones 24 cm.
490 1# - MENCIÓN DE SERIE
Mención de serie Publicaciones de la Comisión Permanente de Efemérides Patrias 2004-2011
Designación de volumen o secuencia 36
505 0# - NOTA DE CONTENIDO CON FORMATO
Información miscelánea Presentación --
-- Prólogo --
-- Pueblo sangre y canto --
Título Oda gris por el soldado invasor /
Mención de responsabilidad René del Risco y Bermúdez --
Título Canto de amor a la ciudad herida ;
-- Canto a Santo Domingo vertical /
Mención de responsabilidad Abelardo Vicioso --
Título Canto a Jacques ya los otros /
Mención de responsabilidad Juan José Ayuso --
Título Jornada de abril /
Mención de responsabilidad Rafael Astacio Hernández --
Título Ni un paso atrás /
Mención de responsabilidad Pedro Mir --
Título Responso para Jacques Viau /
Mención de responsabilidad Miguel Alfonseca --
Título Hemos llegado a un punto /
Mención de responsabilidad Máximo Avilés Blonda --
Título Tercera oda a Walt Whitman /
Mención de responsabilidad Ramón Francisco --
Título Diario de la guerra ( del 15 de abril al 15 de junio de 1965) /
Mención de responsabilidad Héctor Incháustegui Cabral --
Título La guerra y los cantos 1965 /
Mención de responsabilidad Miguel Alfonseca --
Título La isla ofendida 1965 /
Mención de responsabilidad Manuel del Cabral --
Título El viento frío 1967 /
Mención de responsabilidad René del Risco y Bermúdez --
Título Despedida a un hermano /
Mención de responsabilidad Mateo Morrison --
Título La luz no muere /
Mención de responsabilidad Tony Raful --
Información miscelánea Biografías de los poetas antologados --
-- Biografía de Mateo Morrison --
-- Publicaciones de la Comisión Permanente de Efemérides Patrias 2004-2011
590 ## - NOTA LOCAL (RLIN)
Nota local Inventariado, 2018/ BT
650 #4 - PUNTO DE ACCESO ADICIONAL DE MATERIA--TÉRMINO DE MATERIA
Término de materia o nombre geográfico como elemento de entrada Poesía histórica dominicana
9 (RLIN) 23574
650 #0 - PUNTO DE ACCESO ADICIONAL DE MATERIA--TÉRMINO DE MATERIA
Término de materia o nombre geográfico como elemento de entrada Literatura histórica dominicana
9 (RLIN) 24340
651 #0 - PUNTO DE ACCESO ADICIONAL DE MATERIA--NOMBRE GEOGRÁFICO
Nombre geográfico República Dominicana
Subdivisión general Historia
-- Ocupación norteamericana
Subdivisión cronológica 1965-1966
9 (RLIN) 24341
700 12 - PUNTO DE ACCESO ADICIONAL--NOMBRE DE PERSONA
Nombre de persona Morrison, Mateo,
Fechas asociadas al nombre 1947-
Término indicativo de función/relación pról.
9 (RLIN) 1469
830 #0 - PUNTO DE ACCESO ADICIONAL DE SERIE-TÍTULO UNIFORME
Título uniforme Publicaciones de la Comisión Permanente de Efemérides Patrias 2004-2011
Número de parte o sección de la obra 36
9 (RLIN) 59793
910 ## - DATOS DE OPCIÓN DEL USUARIO (OCLC)
Datos de opción del usuario Validado. Control de calidad. MMOLINA
942 ## - ELEMENTOS DE PUNTO DE ACCESO ADICIONAL (KOHA)
Fuente del sistema de clasificación o colocación Dewey Decimal Classification
Tipo de ítem Koha Libro
Holdings
Estado de retiro Estado de pérdida Restricciones de uso No para préstamo Código de colección Localización permanente Ubicación/localización actual Ubicación en estantería Fecha de adquisición Número de inventario Total de préstamos Signatura topográfica completa Código de barras Fecha visto por última vez Número de copia Precio válido a partir de Tipo de ítem Koha
        Dominicana de Servicio General General Depósito 04.10.2011 LF1   RD861.44 A163s, 2011 34374-30 25.06.2020 e. 3 25.06.2020 Libro y Folleto Colección Dominicana de Servicio
        Dominicana de Servicio General General Depósito 11.06.2013 LF1   RD861.44 A163s, 2011 34374-40 25.06.2020 e. 4 25.06.2020 Libro y Folleto Colección Dominicana de Servicio
        Dominicana de Servicio General General Depósito 12.07.2018 LF1   RD861.44 A163s, 2011 34374-50 25.06.2020 e. 5 25.06.2020 Libro y Folleto Colección Dominicana de Servicio
      Excluido de préstamo Patrimonio Dominicano Patrimonio Dominicano Patrimonio Dominicano Depósito 04.10.2011 LF1   RD861.44 A163s, 2011 34374-10 25.06.2020   25.06.2020 Libro y Folleto Colección Patrimonio Dominicano
      Excluido de préstamo Patrimonio Dominicano Patrimonio Dominicano Patrimonio Dominicano Depósito 04.10.2011 LF1   RD861.44 A163s, 2011 34374-20 25.06.2020 e. 2 25.06.2020 Libro y Folleto Colección Patrimonio Dominicano

Powered by Koha